| 000 | 01164cab a2200265 4500 | ||
|---|---|---|---|
| 001 | ABS55586 | ||
| 008 | 090401t1996 xxu||||| |||| 00| 0 eng d | ||
| 035 | _a(Sirsi) u17434 | ||
| 041 | _aeng | ||
| 100 | _aDenison, N. | ||
| 245 | _aNote locks the door on rival retail plans | ||
| 260 | _c1996 | ||
| 350 | _a0 | ||
| 490 |
_aPlanning (for the Natural and Built Environment) _v(1178) 19 July 1996, 8-9(2) |
||
| 520 | _aSuggests that the revised PPG6 contains several contradictions, such as how local authorities are advised to assess need for retail developments whilst adopting a sequential approach. Criticises the PPG for the `special treatment` of discount stores, differing aims for car parking provision, and the lack of recognition for the distinctive roles of out-of-town and town centre location, with a danger of placing undue emphasis on a town centre strategy. | ||
| 650 | _aDISCOUNT STORES | ||
| 650 | _aOUT-OF-TOWN RETAILING | ||
| 650 | _aPLANNING POLICY | ||
| 650 | _aPLANNING POLICY GUIDANCE NOTE SIX | ||
| 650 | _aRETAILING | ||
| 650 | _aTOWN CENTRES | ||
| 690 | _aPLANNING LAW AND PRACTICE | ||
| 942 | _n0 | ||
| 948 | _c04/03/1997 | ||
| 999 |
_c11566 _d11566 |
||